POSIX programmer's guide : writing portable UNIX programs with the POSIX.1 standard

Αποθηκεύτηκε σε:
Λεπτομέρειες βιβλιογραφικής εγγραφής
Κύριος συγγραφέας: Lewine, Donald A.
Μορφή: Βιβλίο
Γλώσσα:English
Δημοσίευση: Sebastopol, CA : O'Reilly & Associates, 1994
Θέματα:
Ετικέτες: Προσθήκη ετικέτας
Δεν υπάρχουν, Καταχωρήστε ετικέτα πρώτοι!

MARC

LEADER 00000cam a2200000 i 4500
001 1/96026
008 991213s1994 eng d
020 |a 0-937175-73-0 
035 |l 10055572 
040 |a GR-MY-UA  |b gre  |e aacr 
041 0 |a eng 
082 0 |a 005.43 
100 1 |a Lewine, Donald A. 
245 1 0 |a POSIX programmer's guide :  |b writing portable UNIX programs with the POSIX.1 standard /  |c Donald A. Lewine 
260 |a Sebastopol, CA :   |b O'Reilly & Associates,   |c 1994 
300 |a xxvii, 609 p.;  |c 24 cm. 
504 |a Includes index 
630 0 0 |a UNIX (Computer file) 
650 0 0 |a POSIX (Computer software standard) 
852 |a INST  |b SAMOS  |e 19991213  |h 005.43 LEW  |p 005300016350  |q 005300016350  |t BK  |y 0 
901 |a BIBL3-2000-2 
909 |a Σ  |b 071057 
922 |a 3ΕΛΗ  |b 199911  |c ΤΠΕΣ  |d ΠΑΠΑΣΩΤΗΡΙΟΥ 
950 |a 133-1999-07-20 
970 |z 2000/05/ΜΠΡΑΤΤΗΣ